00547nam a2200193 a 4500001001300000003000900013005001700022008004100039020001000080082001800090100002000108245006900128260003600197300000900233500003500242505002200277650003400299700002000333nice12345678IN_TiNIC20260116015209.0050524s1987 jera grp 000 0 eng  ac10000a930.1032bWIL aWilkinson, John aColumn Capitals in Al Haram Al Sharifb from 138 A.D to 1118 A.D aJerusalembIslamic Museumc1987 a232p aincludes index and biblioraphy2 aLanguage Kashmiri aArchaeology-Islamic-Palestine1 aWilkinson, John